| 000 | 00482nam a2200157 i 4500 | ||
|---|---|---|---|
| 001 | 150607 | ||
| 003 | ES-MaACL | ||
| 005 | 20230906203609.0 | ||
| 007 | t| | ||
| 008 | 071031s1971 sp ||||1| spa d | ||
| 100 | 1 |
_aValori, Giancarlo Elia. _9112983 |
|
| 245 | 1 | 0 |
_aFuerzas armadas e Iglesia en la transformación de América Latina / _cGiancarlo Elia Valori. |
| 260 |
_aMadrid : _bEditora Nacional, _c1971. |
||
| 300 |
_a130 p. ; _c19 cm. |
||
| 852 |
_aES-MaACL _jC-46356 _bR.78690 |
||
| 999 |
_c150607 _d150607 |
||